Fisiología médica
Salvato in:
| Autore principale: | |
|---|---|
| Natura: | Libro |
| Lingua: | spagnolo |
| Pubblicazione: |
Ciudad de México
El Manual Moderno
2004
|
| Edizione: | Décima novena edición |
| Soggetti: | |
| Tags: |
Aggiungi Tag
Nessun Tag, puoi essere il primo ad aggiungerne!!
|
MARC
| LEADER | 00000nam a2200000 a 4500 | ||
|---|---|---|---|
| 001 | UCK1867 | ||
| 003 | CL-VaPUC | ||
| 005 | 20241218114328.0 | ||
| 008 | 041210e20040000MX |||||||||||||||||spa|d | ||
| 999 | |c 311638 |d 311636 | ||
| 020 | |a 9707290684 | ||
| 040 | |c Pontificia Universidad Católica de Valparaíso | ||
| 082 | 0 | 4 | |a 612 GAN 2004 |2 21 |
| 100 | |a Ganong, William Francis |9 574663 | ||
| 245 | 1 | 0 | |a Fisiología médica |
| 250 | |a Décima novena edición | ||
| 260 | |a Ciudad de México |b El Manual Moderno |c 2004 | ||
| 300 | |a 914 páginas | ||
| 583 | |a last modification |c 20041210 00:00:00 |k Rodrigo Vera | ||
| 650 | 0 | |a Fisiología medica |x Fisiología celular |9 335883 | |
| 650 | 0 | |a Fisiología humana |x Cuerpo humano |9 269557 | |
| 650 | 0 | |a Neurofisiología |9 266815 | |
| 942 | |c BK |2 ddc | ||
| 945 | |d 20041210 00:00:00 |a vberengu | ||
| 952 | |0 0 |1 0 |2 ddc |4 0 |6 612_000000000000000_GAN_2004 |7 0 |8 A |9 381155 |a BIBCUR |b BIBCUR |d 2019-11-21 |i 4083814 |l 6 |o 612 GAN 2004 |p 4083814 |r 2025-04-22 |s 2024-03-14 |t 1 |w 2019-11-21 |y BK |k BIO | ||